00469cam a22001692 4500001001100000005001700011008004100028020002600069040001500095050002000110100003000130245003800160250001200198260003900210300001600249650003400265000000024520151021151042.0070117s xx 000 0 eng d a0826454607 :cKES 931 aKABUcKABU 0aQA76b.F74 19961 aFrench, C. S.@000015988410aComputer science /cC. S. French. a5th ed. aLondon :bThomson Learning,c1996. avii, 506 p. 0aComputer science.@0000058480